000 00927cam a22002895a 4500
003 EG-ScBUE
005 20220509121509.0
008 090708r20081998enka f bd 001 0 eng d
020 _a9780194372190
040 _aEG-ScBUE
_beng
_erda
_cEG-ScBUE
_dEG-ScBUE
082 0 4 _a423.071
_bWRI
_222
100 1 _aWright, Jon,
_eauthor.
245 1 0 _aDictionaries /
_cJon Wright.
250 _aReprint edition.
264 1 _aOxford :
_bOxford University Press,
_c2008.
300 _a170 pages :
_billustrations ;
_c25 cm.
336 _2rdacontent
_atext
_btxt
337 _2rdamedia
_aunmediated
_bn
338 _2rdacarrier
_avolume
_bnc
490 0 _aResource books for teachers
504 _aIncludes bibliographical references and index.
650 7 _aEnglish language
_vDictionaries
_xStudy and teaching.
_2BUEsh
_97723
651 _2BUEsh
653 _bHHUUEENN
_cAugust2018
655 _vReading book
_934232
942 _2ddc
_cBB
999 _c12240
_d12240